000 00463nam a2200157 4500
999 _c5301
_d5301
008 161019b xxu||||| |||| 00| 0 eng d
022 _a9770118389007
082 _aDPer 641.05 F73 Mar-Nov 2012
100 _916430
_aUy, Amy A.
245 _aLet's spread flavor/
_cAmy A. Uy.
260 _aQuezon City:
_bABS CBN Publishing, Inc.,
_c©2012.
300 _apages 28-31;
_c30 cm.
500 _aFood.
650 0 _916431
_aFlavoring essences
942 _2ddc
_cPER